[Event "Qatar Masters Open 2023"]
[Site "Doha QAT"]
[Date "2023.10.11"]
[Round "1.47"]
[White "Suleymenov, Alisher"]
[Black "Nagarkatte Vedant"]
[Result "1-0"]
[WhiteTitle "GM"]
[BlackTitle "FM"]
[WhiteElo "2512"]
[BlackElo "2345"]
[WhiteFideId "13707833"]
[BlackFideId "25636227"]
[EventDate "2023.10.11"]

1. e4 e5 2. Nf3 Nc6 3. Bb5 a6 4. Ba4 Nf6 5. O-O Be7 6. d3 b5 7. Bb3 O-O 8. a4 b4
9. a5 d6 10. Nbd2 Be6 11. Nc4 h6 12. Re1 Re8 13. c3 bxc3 14. bxc3 Bf8 15. Bd2
Ne7 16. Ba4 Bd7 17. d4 Ng6 18. d5 Bxa4 19. Qxa4 Qd7 20. Qc2 Reb8 21. Rab1 Rb5
22. Rb4 Nh5 23. Ra1 Rab8 24. Na3 R5b7 25. Rab1 c5 26. Rb6 Nhf4 27. Nc4 Be7 28.
g3 Nh5 29. Rxb7 Rxb7 30. Rb6 Ra7 31. Qd3 Nf6 32. Kg2 Kh7 33. h3 Ne8 34. Rc6 Nc7
35. Qb1 Nb5 36. Nb6 Qb7 37. Nc8 Ra8 38. c4 Rxc8 39. cxb5 Ra8 40. b6 Qb8 41. Be3
f6 42. Nd2 Nh8 43. Nc4 Nf7 44. b7 Ra7 45. Rc7 1-0

[Event "Qatar Masters Open 2023"]
[Site "Doha QAT"]
[Date "2023.10.11"]
[Round "1.48"]
[White "Tissir, Mohamed"]
[Black "Samant, Aditya S"]
[Result "1/2-1/2"]
[WhiteTitle "IM"]
[BlackTitle "IM"]
[WhiteElo "2344"]
[BlackElo "2511"]
[WhiteFideId "9000240"]
[BlackFideId "35080580"]
[EventDate "2023.10.11"]

1. e4 c5 2. Nc3 Nc6 3. Bb5 Nd4 4. Bc4 e6 5. Nge2 Nf6 6. O-O a6 7. a4 Qc7 8. d3
b6 9. Ba2 Bb7 10. Nxd4 cxd4 11. Ne2 Bc5 12. Bf4 Bd6 13. Bxd6 Qxd6 14. Qd2 O-O
15. h3 Rac8 16. Bb3 Qc5 17. Rae1 Nh5 18. g4 Nf6 19. Ng3 Kh8 20. f4 Ng8 21. f5 f6
22. Nh5 Rce8 23. Qf2 g6 24. fxg6 hxg6 25. Qh4 gxh5 26. Rf5 exf5 27. Qxh5+ Kg7
28. gxf5 d5 29. Qg6+ Kh8 30. Qh5+ Kg7 31. Qg6+ Kh8 32. Qh5+ Kg7 1/2-1/2

[Event "Qatar Masters Open 2023"]
[Site "Doha QAT"]
[Date "2023.10.11"]
[Round "1.49"]
[White "Iniyan, P"]
[Black "Aradhya, Garg"]
[Result "1/2-1/2"]
[WhiteTitle "GM"]
[BlackTitle "FM"]
[WhiteElo "2510"]
[BlackElo "2344"]
[WhiteFideId "25002767"]
[BlackFideId "25006746"]
[EventDate "2023.10.11"]

1. d4 d5 2. c4 c6 3. Nc3 Nf6 4. e3 Bf5 5. cxd5 cxd5 6. Qb3 Nc6 7. Qxb7 Bd7 8.
Qb3 Rb8 9. Qd1 e5 10. dxe5 Nxe5 11. Be2 Bd6 12. Nf3 O-O 13. O-O Qe7 14. Nd4 Rfc8
15. h3 Nc4 16. Rb1 Na3 17. bxa3 Rxc3 18. Rxb8+ Bxb8 19. Nf3 Bd6 20. Qd4 Rc7 21.
Qd3 Rb7 22. Qa6 Be6 23. Nd4 Ne4 24. Nxe6 fxe6 25. Bf3 Nc5 26. Qe2 Qf6 27. Rd1
Qc3 28. Qd2 Be5 29. Qxc3 Bxc3 30. Bd2 Na4 31. Bxc3 Nxc3 32. Rd2 Kf7 33. Kh2 Kf6
34. Rc2 Rc7 35. Be2 e5 36. Bd3 e4 37. Be2 Ke5 38. f3 Kd6 39. fxe4 dxe4 40. Kg3
Nd5 41. Rxc7 Kxc7 42. Kf2 Kd6 43. Bc4 a5 44. a4 Nf6 45. Bb3 Kc5 46. a3 h6 47.
Kg3 g5 48. Bf7 Nd5 49. Bg6 Nf6 50. Bf7 Nd5 51. Bg6 Nf6 1/2-1/2

[Event "Qatar Masters Open 2023"]
[Site "Doha QAT"]
[Date "2023.10.11"]
[Round "1.50"]
[White "Rosen, Eric"]
[Black "Prraneeth, Vuppala"]
[Result "1/2-1/2"]
[WhiteTitle "IM"]
[BlackTitle "IM"]
[WhiteElo "2341"]
[BlackElo "2510"]
[WhiteFideId "2032562"]
[BlackFideId "46622373"]
[EventDate "2023.10.11"]

1. d4 Nf6 2. Bf4 d5 3. e3 e6 4. Nf3 Bd6 5. Bxd6 Qxd6 6. c4 O-O 7. Nc3 dxc4 8.
Bxc4 c5 9. O-O Nc6 10. Nb5 Qe7 11. dxc5 Qxc5 12. Rc1 Rd8 13. Qe2 Qe7 14. Rfd1 a6
15. Nbd4 Nxd4 16. Rxd4 Rxd4 17. Nxd4 e5 18. Nf3 h6 19. Qc2 Bg4 20. Nh4 Rc8 21.
Nf5 Bxf5 22. Qxf5 Rc5 23. Rc3 Qc7 24. Qc2 Kf8 25. a4 Ne8 26. h4 Nd6 27. Bd5 Rxc3
28. bxc3 Qc5 29. Qb3 b6 30. h5 a5 31. e4 Ke7 32. g3 b5 33. axb5 Qxb5 34. Qa3 f5
35. c4 Qb4 36. Qe3 Nxe4 37. Qa7+ Kd6 38. Kg2 Qc5 39. Qa6+ Kc7 40. Qb7+ Kd8 41.
Qb8+ Kd7 42. Qb7+ Qc7 43. Be6+ Kd8 44. Qd5+ Ke7 45. Bxf5 Nc5 46. Qg8 Kd6 47.
Qd5+ Ke7 48. Qg8 Kd6 49. Qd5+ 1/2-1/2

[Event "Qatar Masters Open 2023"]
[Site "Doha QAT"]
[Date "2023.10.11"]
[Round "1.51"]
[White "Dai, Changren"]
[Black "Sattarov, Bobir"]
[Result "1-0"]
[WhiteTitle "GM"]
[BlackTitle "IM"]
[WhiteElo "2507"]
[BlackElo "2341"]
[WhiteFideId "8608156"]
[BlackFideId "14203081"]
[EventDate "2023.10.11"]

1. d4 Nf6 2. c4 e6 3. Nc3 Bb4 4. e3 O-O 5. Bd3 Re8 6. Ne2 d5 7. O-O Nbd7 8. a3
Bf8 9. cxd5 exd5 10. Nf4 Nb6 11. Qc2 Bd7 12. Kh1 Rc8 13. b4 a6 14. f3 Bc6 15.
Nfe2 Bd6 16. e4 dxe4 17. fxe4 Ng4 18. e5 Qh4 19. Bf4 Nf2+ 20. Rxf2 Qxf2 21.
Bxh7+ Kh8 22. Ne4 Qh4 23. Bf5 Bf8 24. Rf1 Be7 25. Rf3 Qe1+ 26. Ng1 g6 27. Bd2
Qa1 28. Bc3 Qxa3 29. Bxc8 Rxc8 30. Rxf7 Rf8 31. Rxe7 Nd5 32. Qd2 Nxe7 33. Qh6+
Kg8 34. d5 Rf1 35. Nf6+ 1-0

[Event "Qatar Masters Open 2023"]
[Site "Doha QAT"]
[Date "2023.10.11"]
[Round "1.52"]
[White "Balajayeva, Khanim"]
[Black "Bharath, Subramaniyam H"]
[Result "0-1"]
[WhiteTitle "IM"]
[BlackTitle "GM"]
[WhiteElo "2340"]
[BlackElo "2500"]
[WhiteFideId "13406396"]
[BlackFideId "46634827"]
[EventDate "2023.10.11"]

1. e4 e5 2. Nf3 Nc6 3. Bb5 a6 4. Ba4 Nf6 5. O-O d6 6. d4 b5 7. dxe5 dxe5 8.
Qxd8+ Nxd8 9. Bb3 Bd6 10. Bg5 Ne6 11. Bxf6 gxf6 12. Nc3 c6 13. Rfd1 Bc7 14. a4
b4 15. Ne2 Nc5 16. Ng3 Be6 17. Bxe6 fxe6 18. b3 Ke7 19. Nd2 Rhd8 20. Kf1 Rd7 21.
Nc4 Rd4 22. f3 Rad8 23. Ke1 Rg8 24. Ne3 Nb7 25. Nc4 c5 26. Kf1 Rgd8 27. Ke1 Rg8
28. Kf1 Na5 29. Nxa5 Bxa5 30. Ne2 Rxd1+ 31. Rxd1 c4 32. g4 Rc8 33. Ke1 Bb6 34.
bxc4 Rxc4 35. Kd2 Ba5 36. Kd3 Rc6 37. Kd2 b3+ 38. c3 Rd6+ 39. Ke1 Rb6 40. Kd2
Rd6+ 41. Ke1 Kd7 42. Rb1 Rb6 43. Kd2 Rd6+ 44. Ke1 Kc7 45. Rxb3 Rd3 46. Kf2 Bb6+
47. Kg2 Rd2 48. Kf1 Rd1+ 49. Kg2 Rd2 50. Kf1 Ra2 51. c4 Ra1+ 52. Kg2 Rxa4 53. f4
Rxc4 54. Kf3 exf4 55. Nxf4 Rc6 56. h4 h6 57. e5 fxe5 58. Ng6 Bd4 59. Ke4 Kd6 60.
Rd3 Rc1 61. Nxe5 Re1+ 62. Kxd4 Rxe5 63. Rb3 Rb5 64. Rg3 Ra5 65. Kc4 Ke7 66. Kb4
Re5 67. g5 Re4+ 68. Kc5 Rxh4 69. Kb6 hxg5 70. Rxg5 Ra4 71. Rg1 e5 72. Rg6 Rf4
73. Kc5 Rf6 74. Rg8 Kf7 75. Ra8 Re6 76. Kd5 e4 77. Rh8 e3 78. Rh7+ Kg6 79. Rh1
Re8 80. Re1 Kf5 81. Kd4 Kf4 82. Kd3 Rd8+ 83. Ke2 Rd2+ 84. Kf1 Kf3 0-1

[Event "Qatar Masters Open 2023"]
[Site "Doha QAT"]
[Date "2023.10.11"]
[Round "1.53"]
[White "Chanda, Sandipan"]
[Black "Raahul, V S"]
[Result "1/2-1/2"]
[WhiteTitle "GM"]
[BlackTitle "IM"]
[WhiteElo "2496"]
[BlackElo "2340"]
[WhiteFideId "5004225"]
[BlackFideId "25035525"]
[EventDate "2023.10.11"]

1. d4 d5 2. Nf3 Nf6 3. Bf4 c5 4. e3 Nc6 5. Be2 Nh5 6. Be5 e6 7. c3 f6 8. Bg3
Nxg3 9. hxg3 g6 10. Nbd2 Bd6 11. dxc5 Bxc5 12. b4 Bd6 13. b5 Ne5 14. O-O O-O 15.
c4 dxc4 16. Nxc4 Nxc4 17. Bxc4 Kg7 18. Qb3 Qe7 19. Rfd1 Bc5 20. Rac1 Bd7 21. Nd4
Bxd4 22. exd4 Rac8 23. Re1 Qd6 24. Rc3 Rc7 25. Rce3 Qxd4 26. Bxe6 Bxe6 27. Rxe6
Rff7 28. Re8 Qc4 29. Qa3 b6 30. Qb2 Rc5 31. Rb1 Rd5 32. Qe2 Qc5 33. a4 Rd4 34.
Re4 Rfd7 35. Re1 Qd5 36. Rxd4 Qxd4 37. Qe8 Rf7 38. Qe4 Qd2 39. g4 Rc7 40. g3 Kh6
41. Kg2 Rd7 42. Qe6 Qd5+ 43. Qxd5 Rxd5 44. Re7 a6 45. bxa6 Ra5 46. Re4 Rxa6 47.
Kf3 Kg5 48. Ke3 Ra5 49. Rb4 f5 50. gxf5 Kxf5 51. Kd3 h5 52. Kc4 Rc5+ 53. Kb3 Rc6
54. f3 g5 55. g4+ Kg6 56. gxh5+ Kxh5 57. Rb5 Rf6 58. Kc2 Rxf3 59. Rxb6 g4 60.
Rb8 g3 61. a5 Rf6 62. Rg8 Kh4 63. Kb3 Rf3+ 64. Kb4 Rf4+ 65. Kb5 Rf5+ 66. Kb4 1/2-1/2

[Event "Qatar Masters Open 2023"]
[Site "Doha QAT"]
[Date "2023.10.11"]
[Round "1.54"]
[White "Ashraf, Artin"]
[Black "Raja, Rithvik R"]
[Result "1/2-1/2"]
[WhiteTitle "FM"]
[BlackTitle "GM"]
[WhiteElo "2340"]
[BlackElo "2495"]
[WhiteFideId "22514805"]
[BlackFideId "35007394"]
[EventDate "2023.10.11"]

1. d4 Nf6 2. c4 e6 3. Nf3 d5 4. g3 dxc4 5. Bg2 a6 6. O-O Nc6 7. e3 Bd7 8. Qe2
Bd6 9. Qxc4 O-O 10. Nbd2 Rc8 11. Rd1 Na5 12. Qd3 c5 13. dxc5 Bxc5 14. b3 Qe7 15.
Bb2 Bb5 16. Qb1 Rfd8 17. Nd4 Ba3 18. Ne4 Bxb2 19. Qxb2 Be8 20. Rac1 Nxe4 21.
Bxe4 Nc6 22. Nxc6 Rxd1+ 23. Rxd1 Bxc6 24. Rc1 Qd6 25. Bxc6 Rxc6 26. Rxc6 Qxc6
27. Qd2 g6 28. h4 h5 29. Qd8+ Kg7 30. Qd4+ Kg8 1/2-1/2

[Event "Qatar Masters Open 2023"]
[Site "Doha QAT"]
[Date "2023.10.11"]
[Round "1.55"]
[White "Ahmadzada, Ahmad"]
[Black "Suyarov, Mukhammadzokhid"]
[Result "1/2-1/2"]
[WhiteTitle "IM"]
[BlackTitle "FM"]
[WhiteElo "2494"]
[BlackElo "2340"]
[WhiteFideId "13413007"]
[BlackFideId "14210495"]
[EventDate "2023.10.11"]

1. e4 e5 2. Nf3 Nf6 3. Nc3 Nc6 4. d4 exd4 5. Nxd4 Bb4 6. Nxc6 bxc6 7. Bd3 d5 8.
exd5 O-O 9. O-O cxd5 10. h3 c6 11. Qf3 Bd6 12. Bf4 Rb8 13. b3 Rb4 14. Ne2 Bxf4
15. Nxf4 Qd6 16. c4 Ba6 17. Rfd1 Qc7 18. Rac1 dxc4 19. bxc4 Re8 20. Re1 Rbb8 21.
Bf1 c5 1/2-1/2

[Event "Qatar Masters Open 2023"]
[Site "Doha QAT"]
[Date "2023.10.11"]
[Round "1.57"]
[White "Mousavi, Seyed Khalil"]
[Black "Aaryan, Varshney"]
[Result "1-0"]
[WhiteTitle "GM"]
[BlackTitle "FM"]
[WhiteElo "2492"]
[BlackElo "2339"]
[WhiteFideId "12511099"]
[BlackFideId "45048975"]
[EventDate "2023.10.11"]

1. e4 e5 2. Nf3 Nc6 3. Bb5 a6 4. Ba4 Nf6 5. d3 b5 6. Bb3 Be7 7. Nc3 d6 8. a3 Bg4
9. Be3 Nd4 10. Bxd4 exd4 11. Nd5 c6 12. h3 Bxf3 13. Nxf6+ Bxf6 14. Qxf3 O-O 15.
O-O g6 16. a4 Be5 17. g3 Kg7 18. Qg2 h5 19. f4 Bf6 20. Rf3 Qb8 21. axb5 axb5 22.
Raf1 Ra7 23. g4 hxg4 24. hxg4 g5 25. Qf2 c5 26. Kg2 gxf4 27. Rxf4 Bg5 28. Rf5 f6
29. Bd5 b4 30. Qg3 Re7 31. Rh1 Rh8 32. Rxh8 Kxh8 33. Rf1 Rh7 34. Ra1 Ra7 35.
Rxa7 Qxa7 36. Qxd6 Kg7 37. Qd8 Kh6 38. Qf8+ Qg7 39. Qxc5 Bf4 40. Kf3 Be5 41.
Qxb4 Qg5 42. Qf8+ Kh7 43. Qf7+ Kh6 44. Qh5+ Qxh5 45. gxh5 Kxh5 46. b4 Kg6 47. b5
Bc7 48. e5 fxe5 49. Ke4 Kf6 50. Bg8 Ke7 51. Kd5 Bb8 52. Kc6 Bd6 53. b6 Bb4 54.
Kb7 Kd8 55. Ka8 Bd6 56. b7 Bc7 57. b8=Q+ Bxb8 58. Kxb8 Ke7 59. Kc7 Kf6 60. Kd6 1-0

[Event "Qatar Masters Open 2023"]
[Site "Doha QAT"]
[Date "2023.10.11"]
[Round "1.58"]
[White "Jain, Kashish Manoj"]
[Black "Samadov, Read"]
[Result "1/2-1/2"]
[WhiteTitle "FM"]
[BlackTitle "IM"]
[WhiteElo "2338"]
[BlackElo "2492"]
[WhiteFideId "35081098"]
[BlackFideId "13417444"]
[EventDate "2023.10.11"]

1. e4 c5 2. Nf3 d6 3. d4 cxd4 4. Qxd4 Nf6 5. Nc3 Nc6 6. Bb5 Bd7 7. Bxc6 Bxc6 8.
Bg5 e6 9. O-O-O Be7 10. Bxf6 Bxf6 11. Qxd6 Qb6 12. Qg3 Bxc3 13. bxc3 O-O 14. Rd4
f6 15. e5 Rac8 16. Rg4 Qc7 17. exf6 Qxg3 18. Rxg3 Rxf6 19. Rd1 Bxf3 20. gxf3
Rxc3 21. Rd8+ Rf8 22. Rd7 Rf7 23. Rd8+ Rf8 24. Rd7 Rf7 25. Rd8+ Rf8 26. Rd5 1/2-1/2

[Event "Qatar Masters Open 2023"]
[Site "Doha QAT"]
[Date "2023.10.11"]
[Round "1.59"]
[White "Abdisalimov, Abdimalik"]
[Black "Goh, Zi Han"]
[Result "1-0"]
[WhiteTitle "GM"]
[BlackTitle "FM"]
[WhiteElo "2487"]
[BlackElo "2334"]
[WhiteFideId "14206323"]
[BlackFideId "5819156"]
[EventDate "2023.10.11"]

1. e4 c5 2. Nf3 d6 3. d4 cxd4 4. Qxd4 Nc6 5. Qe3 g6 6. Be2 Bg7 7. O-O Nf6 8. h3
O-O 9. Rd1 Bd7 10. c4 Rc8 11. Nc3 Ne8 12. b3 b5 13. Bb2 bxc4 14. Bxc4 Qb6 15.
Qe2 Nc7 16. Na4 Qb8 17. Bxg7 Kxg7 18. e5 Ne8 19. Rac1 Rd8 20. e6 fxe6 21. Bxe6
Bxe6 22. Qxe6 Rc8 23. Nd4 Nc7 24. Qd7 Nxd4 25. Rxd4 Nb5 26. Rxc8 Rxc8 27. Qxe7+
Kg8 28. Rd1 Qc7 29. Qe2 a6 30. Nb6 Rf8 31. Nd5 Qa7 32. a4 Nc7 33. Nxc7 Qxc7 34.
Qxa6 Qc2 35. Qc4+ Qxc4 36. bxc4 Ra8 37. Rxd6 Rxa4 38. Rd4 Ra1+ 39. Kh2 Rc1 40.
h4 Rc2 41. Kg3 Kg7 42. Kf3 Kf6 43. Ke3 Ke6 44. Re4+ Kf6 45. Rf4+ Ke5 46. g3 Rc3+
47. Kd2 Ra3 48. Ke2 Rc3 49. f3 h5 50. Kd2 Ra3 51. Re4+ Kd6 52. Re3 Ra1 53. Kd3
Rg1 54. f4 Rg2 55. Kd4 Rd2+ 56. Rd3 Rc2 57. Ra3 Ke6 58. Ra5 Rd2+ 59. Kc3 Rd1 60.
Rg5 1-0

[Event "Qatar Masters Open 2023"]
[Site "Doha QAT"]
[Date "2023.10.11"]
[Round "1.60"]
[White "Mayank, Chakraborty"]
[Black "Chandra, Akshat"]
[Result "1-0"]
[WhiteTitle "CM"]
[BlackTitle "GM"]
[WhiteElo "2333"]
[BlackElo "2486"]
[WhiteFideId "25659766"]
[BlackFideId "25006711"]
[EventDate "2023.10.11"]

1. Nf3 Nf6 2. b3 g6 3. Bb2 Bg7 4. e3 O-O 5. d4 b6 6. c4 Bb7 7. Be2 e6 8. O-O d6
9. Nc3 c5 10. Qc2 Nbd7 11. Rad1 Qe7 12. Rfe1 a6 13. a4 cxd4 14. exd4 d5 15. a5
dxc4 16. bxc4 b5 17. d5 exd5 18. cxb5 Qc5 19. Nd4 Rfc8 20. Qb3 axb5 21. Bxb5 Qc7
22. Bxd7 Nxd7 23. Nxd5 Bxd5 24. Qxd5 Rxa5 25. Nb5 Qb8 26. Re7 Rf8 27. Bxg7 Kxg7
28. Qd4+ Kg8 29. Nc3 Nb6 30. Ne4 Ra4 31. Nf6+ Kh8 32. Qc3 Rc4 33. Qb2 Nd7 34.
Qe2 Nb6 35. Nd7 Nxd7 36. Qxc4 Nb6 37. Qd4+ Kg8 38. h4 Nc8 39. Rd7 1-0

[Event "Qatar Masters Open 2023"]
[Site "Doha QAT"]
[Date "2023.10.11"]
[Round "1.62"]
[White "Dixit, Nikhil"]
[Black "Stearman, Josiah"]
[Result "0-1"]
[WhiteTitle "FM"]
[BlackTitle "IM"]
[WhiteElo "2327"]
[BlackElo "2476"]
[WhiteFideId "5059534"]
[BlackFideId "2062496"]
[EventDate "2023.10.11"]

1. e4 c5 2. Nf3 d6 3. c3 Nf6 4. Be2 e6 5. O-O Nc6 6. Qc2 b6 7. d4 Bb7 8. d5 exd5
9. exd5 Nxd5 10. Bc4 Nf6 11. Qf5 Be7 12. Bg5 O-O 13. Nbd2 g6 14. Qc2 d5 15. Bb5
a6 16. Bxc6 Bxc6 17. Rfe1 Re8 18. Ne5 Bb7 19. Ndf3 Ne4 20. Bxe7 Rxe7 21. Rad1
Qc7 22. c4 d4 23. Rxe4 Bxe4 24. Qxe4 Rae8 25. Re1 Kg7 26. Qc2 Rxe5 27. Rxe5 Rxe5
28. Nxe5 Qxe5 29. g3 Qe1+ 30. Kg2 f5 31. Qa4 Qe4+ 32. Kh3 Qe6 33. Qxa6 d3 34.
Qb7+ Kh6 35. Qb8 Qxc4 36. f3 d2 37. Qd8 Qe2 38. Qf8+ Kh5 39. f4 Qf1# 0-1

[Event "Qatar Masters Open 2023"]
[Site "Doha QAT"]
[Date "2023.10.11"]
[Round "1.63"]
[White "Xiao, Tong(QD)"]
[Black "Singh, Ojasva"]
[Result "1-0"]
[BlackTitle "FM"]
[WhiteElo "2476"]
[BlackElo "2324"]
[WhiteFideId "8622388"]
[BlackFideId "25681958"]
[EventDate "2023.10.11"]

1. e4 e5 2. Nf3 Nc6 3. Bb5 a6 4. Ba4 Nf6 5. O-O b5 6. Bb3 Bc5 7. c3 d6 8. a4 Rb8
9. d4 Bb6 10. a5 Ba7 11. h3 Bb7 12. Be3 Ra8 13. Re1 O-O 14. Nbd2 h6 15. Nf1 exd4
16. cxd4 Nb4 17. d5 c5 18. dxc6 Nxc6 19. Bxa7 Rxa7 20. Qd2 Ra8 21. Ng3 Re8 22.
Nf5 Nxe4 23. Qd5 Re6 24. Rxe4 Nxa5 25. Qd4 Rf6 26. Ne7+ Kf8 27. Bd5 Rb8 28. Rae1 1-0

[Event "Qatar Masters Open 2023"]
[Site "Doha QAT"]
[Date "2023.10.11"]
[Round "1.64"]
[White "Laxman, R.R."]
[Black "Ohanyan, Emin"]
[Result "1-0"]
[WhiteTitle "GM"]
[BlackTitle "IM"]
[WhiteElo "2322"]
[BlackElo "2474"]
[WhiteFideId "5005361"]
[BlackFideId "13312022"]
[EventDate "2023.10.11"]

1. d4 Nf6 2. Nf3 d5 3. c4 e6 4. g3 dxc4 5. Bg2 c6 6. Ne5 Bb4+ 7. Nc3 Nd5 8. O-O
Nxc3 9. bxc3 Bxc3 10. Ba3 a5 11. Nxc4 Bb4 12. Qb3 Na6 13. Bb2 O-O 14. a3 Be7 15.
Nb6 Ra7 16. e4 Nc7 17. Rfd1 Nb5 18. Nxc8 Qxc8 19. a4 Nc7 20. Rac1 Qd7 21. Qb6
Rfa8 22. Bc3 Bd8 23. Qb3 b5 24. d5 bxa4 25. Qxa4 exd5 26. Bd4 Ra6 27. Bf1 Qe6
28. Bxa6 Rxa6 29. Be3 g5 30. Rb1 Ra8 31. Bb6 Rc8 32. Rbc1 Ne8 33. exd5 Qf5 34.
Bxd8 Rxd8 35. dxc6 Rc8 36. Qd4 Nf6 37. Rc5 Qg6 38. c7 1-0

[Event "Qatar Masters Open 2023"]
[Site "Doha QAT"]
[Date "2023.10.11"]
[Round "1.65"]
[White "Nogerbek, Kazybek"]
[Black "Brendel, Oliver"]
[Result "1-0"]
[WhiteTitle "IM"]
[BlackTitle "IM"]
[WhiteElo "2471"]
[BlackElo "2316"]
[WhiteFideId "13710427"]
[BlackFideId "4602048"]
[EventDate "2023.10.11"]

1. d4 Nf6 2. c4 g6 3. Nc3 d5 4. cxd5 Nxd5 5. Bd2 Bg7 6. e4 Nxc3 7. Bxc3 O-O 8.
h4 Nc6 9. Ne2 Qd6 10. Qd2 a5 11. h5 e5 12. d5 Ne7 13. Bxa5 c6 14. Qb4 Qf6 15. h6
Bh8 16. Nc3 cxd5 17. exd5 Bf5 18. Bb6 Nc8 19. Bc5 Rd8 20. g4 Bd7 21. Be2 b6 22.
Ne4 Qf4 23. Be3 Ra4 24. Qxa4 Bxa4 25. Bxf4 exf4 26. g5 Bxb2 27. Rb1 Be5 28. Nf6+
Kh8 29. Bd1 Bxd1 30. Kxd1 f3 31. Rb3 Nd6 32. Rxf3 Ra8 33. Re1 Bd4 34. a3 Bc5 35.
Ne4 1-0

[Event "Qatar Masters Open 2023"]
[Site "Doha QAT"]
[Date "2023.10.11"]
[Round "1.66"]
[White "Priyanka, Nutakki"]
[Black "Muthaiah, AL"]
[Result "0-1"]
[WhiteTitle "WGM"]
[BlackTitle "IM"]
[WhiteElo "2315"]
[BlackElo "2470"]
[WhiteFideId "25049615"]
[BlackFideId "5092442"]
[EventDate "2023.10.11"]

1. d4 d5 2. c4 dxc4 3. Nf3 Nf6 4. e3 e6 5. Bxc4 c5 6. O-O a6 7. a4 Nc6 8. Nc3
cxd4 9. exd4 Be7 10. Bf4 O-O 11. d5 exd5 12. Nxd5 Nxd5 13. Bxd5 Be6 14. Bxe6
fxe6 15. Bg3 Qxd1 16. Raxd1 Rad8 17. Rfe1 Bf6 18. Kf1 Kf7 19. Rc1 Rd5 20. Rc4
Rfd8 21. b4 R8d7 22. Bf4 e5 23. Be3 Be7 24. Bc5 b5 25. axb5 axb5 26. Rc2 Bxc5
27. bxc5 h6 28. h4 Ke6 29. Rc3 b4 30. Rc4 Rb7 31. Rb1 Rb5 32. Rbc1 Ra5 33. Ne1
Ra2 34. Rb1 Rdd2 35. f3 Rd4 36. Rxd4 exd4 37. Nd3 Ra4 38. Nf4+ Ke5 39. g3 Ra3
40. Kf2 g5 41. hxg5 hxg5 42. Re1+ Kf6 43. Re6+ Kf7 44. Rxc6 Ra2+ 45. Ne2 d3 46.
Rd6 Rxe2+ 47. Kf1 b3 48. Rxd3 b2 49. Kxe2 b1=Q 50. Rc3 Qb5+ 51. Ke3 Qb4 52. Kd3
Ke7 53. c6 Kd8 54. c7+ Kc8 55. Kc2 Qd4 56. g4 Qf2+ 57. Kb3 Qd2 58. Rc5 Qd1+ 59.
Kb4 Qxf3 60. Rc4 Qd3 61. Rc5 Qd6 0-1

[Event "Qatar Masters Open 2023"]
[Site "Doha QAT"]
[Date "2023.10.11"]
[Round "1.68"]
[White "Rakesh, Kumar Jena"]
[Black "Assaubayeva, Bibisara"]
[Result "1-0"]
[WhiteTitle "IM"]
[BlackTitle "IM"]
[WhiteElo "2312"]
[BlackElo "2469"]
[WhiteFideId "5084822"]
[BlackFideId "13708694"]
[EventDate "2023.10.11"]

1. d4 Nf6 2. Bf4 c5 3. e3 g6 4. Nc3 Bg7 5. Nf3 O-O 6. Be2 d6 7. dxc5 dxc5 8. Ne5
Nfd7 9. Nc4 Nc6 10. O-O Nde5 11. Nxe5 Nxe5 12. Qd5 Nd7 13. Rfd1 Qa5 14. Qe4 e5
15. Bg3 Nf6 16. Qxe5 Bf5 17. Qf4 Bxc2 18. Rdc1 Bf5 19. Bf3 Rad8 20. Bh4 Qa6 21.
g4 Bd3 22. Na4 b6 23. Nc3 b5 24. a4 b4 25. Nb5 c4 26. Rxc4 Bxc4 27. Qxc4 Qb6 28.
a5 Qa6 29. Qxb4 Rb8 30. Be2 Qe6 31. Bg3 Rb7 32. a6 Rb6 33. Qa4 Qe4 34. g5 Qxa4
35. Rxa4 Nd7 36. b4 Be5 37. f4 Bb8 38. Nd4 Rc8 39. b5 Rc1+ 40. Kg2 Nc5 41. Rc4
Rxc4 42. Bxc4 Bd6 43. Be1 Rb8 44. Nc6 Re8 45. Kf3 Nd7 46. e4 Bc5 47. e5 Nb8 48.
Ba5 Kf8 49. Bd5 Rc8 50. Ke4 Ke8 51. Nxb8 Rxb8 52. Bc7 Rb6 53. Bc6+ Ke7 54. Kd5
Be3 55. h4 Bf2 56. h5 Be3 57. hxg6 hxg6 58. Bd6+ Kd8 59. e6 fxe6+ 60. Kxe6 1-0

[Event "Qatar Masters Open 2023"]
[Site "Doha QAT"]
[Date "2023.10.11"]
[Round "1.69"]
[White "Chen, Qi b"]
[Black "Karthik, Rajaa"]
[Result "1-0"]
[WhiteTitle "IM"]
[BlackTitle "FM"]
[WhiteElo "2465"]
[BlackElo "2309"]
[WhiteFideId "8614733"]
[BlackFideId "25035215"]
[EventDate "2023.10.11"]

1. e4 c5 2. Nf3 d6 3. d4 cxd4 4. Nxd4 Nf6 5. Nc3 a6 6. Be3 e5 7. Nf3 Be7 8. h3
Be6 9. g4 h6 10. g5 hxg5 11. Nxg5 Nc6 12. Rg1 Qa5 13. Bd2 Qc7 14. Nxe6 fxe6 15.
Qe2 Nd4 16. Qd3 Nd7 17. O-O-O Bf6 18. Kb1 O-O-O 19. Qe3 Kb8 20. Be1 Rc8 21. Bd3
Nc5 22. Bf1 Nd7 23. Bd3 Nc5 24. Bf1 b5 25. Ne2 Na4 26. Rc1 Nb6 27. c3 Nc6 28.
Rg4 Qb7 29. Rd1 Rhd8 30. Ng3 d5 31. exd5 exd5 32. Nh5 Nc4 33. Qg3 Ka8 34. Nxf6
gxf6 35. Rg7 Rc7 36. Rg6 Rf7 37. Rg8 Rd7 38. h4 Ne7 39. Rxd8+ Rxd8 40. Qg7 Ng8
41. Qg6 Nd6 42. Bh3 f5 43. Qe6 Qe7 44. Qxd5+ Nb7 45. Qb3 Rxd1+ 46. Qxd1 Qxh4 47.
Bxf5 Ne7 48. Bc2 Kb8 49. a4 bxa4 50. Bxa4 Qf6 51. Bc2 Qd6 52. Qg4 Nd5 53. Bd2
Nc5 54. Qg8+ Kc7 55. Qa8 Qc6 56. Qf8 Qd6 57. Qg7+ Qe7 58. Qg3 Qd6 59. c4 Nb6 60.
Ba5 Nb7 61. Qg7+ Kb8 62. Bxb6 Qxb6 63. Qxe5+ Ka7 64. f4 Qb4 65. Qe3+ Nc5 66.
Qe7+ Kb8 67. Qd6+ Ka7 68. Qe7+ Kb8 69. Qe2 Kc7 70. f5 Nd7 71. Qh2+ Kc8 72. Qh4
Qd6 73. Qe4 Kd8 74. Ka2 Qb6 75. Qd5 Ke7 76. Ba4 Nc5 77. Qe5+ Kf7 78. Qe8+ Kg7
79. Qe7+ Kh6 80. Bc2 Qb4 81. Qf6+ Kh7 82. Qf7+ Kh8 83. Qf8+ Kh7 84. f6+ Nd3 85.
Bxd3# 1-0

[Event "Qatar Masters Open 2023"]
[Site "Doha QAT"]
[Date "2023.10.11"]
[Round "1.70"]
[White "Tomaszewski, Kacper"]
[Black "Gagare, Shardul"]
[Result "0-1"]
[WhiteTitle "FM"]
[BlackTitle "GM"]
[WhiteElo "2307"]
[BlackElo "2460"]
[WhiteFideId "1127373"]
[BlackFideId "5037883"]
[EventDate "2023.10.11"]

1. d4 Nf6 2. c4 e6 3. Nc3 Bb4 4. Bf4 Bxc3+ 5. bxc3 d6 6. f3 O-O 7. e4 Nh5 8. Be3
f5 9. Nh3 Nc6 10. Bd3 b6 11. O-O f4 12. Bf2 e5 13. c5 Na5 14. cxd6 cxd6 15. Kh1
Be6 16. Ng1 Rf6 17. Ne2 Rh6 18. Re1 Qg5 19. Qc1 Nf6 20. Bg3 Qg6 21. Bf2 Qh5 22.
Bg1 g5 23. Rf1 g4 24. Nxf4 exf4 25. Qxf4 Bc4 26. Bxc4+ Nxc4 27. Rae1 Rg6 28. e5
gxf3 29. Rxf3 Qg4 30. g3 Qxf4 31. gxf4 Nd5 32. f5 Rg5 33. h4 Rh5 34. Bh2 Kf7 35.
Rg1 dxe5 36. dxe5 Rxh4 37. f6 Nxe5 38. Rg7+ Ke6 39. Rfg3 Nxf6 40. Kg2 Nh5 0-1